Catálogo
 En Linea

La República Dominicana : (Registro nro. 49115)

Detalles MARC
000 -CABECERA
campo de control de longitud fija 02212nam a2200409 a 4500
003 - IDENTIFICADOR DEL NÚMERO DE CONTROL
campo de control DO-SdBNP
005 - FECHA Y HORA DE LA ÚLTIMA TRANSACCIÓN
campo de control 20250411123357.0
006 - CÓDIGOS DE INFORMACIÓN DE LONGITUD FIJA--CARACTERÍSTICAS DEL MATERIAL ADICIONAL
campo de control de longitud fija a||||gr|||| 00| 0
007 - CAMPO FIJO DE DESCRIPCIÓN FÍSICA--INFORMACIÓN GENERAL
campo de control de longitud fija ta
008 - DATOS DE LONGITUD FIJA--INFORMACIÓN GENERAL
campo de control de longitud fija 110329s1993 dr r 000 0 spa d
040 ## - FUENTE DE LA CATALOGACIÓN
Centro catalogador/agencia de origen DO-SdBNP
Lengua de catalogación spa
Centro/agencia transcriptor BNPHU
Normas de descripción rda
082 #4 - NÚMERO DE LA CLASIFICACIÓN DECIMAL DEWEY
Número de clasificación 917.293
Número de documento/Ítem A116r, 1993
Número de edición 22
100 1# - ENTRADA PRINCIPAL--NOMBRE DE PERSONA
Nombre de persona Abad, José Ramón,
Fechas asociadas al nombre 1845-1915
9 (RLIN) 54550
Término indicativo de función/relación autor
245 13 - MENCIÓN DE TÍTULO
Título La República Dominicana :
Resto del título reseña general geográfico estadística /
Mención de responsabilidad, etc. José Ramón Abad ; introducción a la edición Bernardo Vega
250 ## - MENCIÓN DE EDICIÓN
Mención de edición 3a. edición (Facsimilar de la primera).
264 ## - PRODUCCIÓN, PUBLICACIÓN, DISTRIBUCIÓN, FABRICACIÓN Y COPYRIGHT
Producción, publicación, distribución, fabricación y copyright Santo Domingo :
Nombre del de productor, editor, distribuidor, fabricante Sociedad Dominicana de Bibliófilos INC.,
Fecha de producción, publicación, distribución, fabricación o copyright 1993
300 ## - DESCRIPCIÓN FÍSICA
Extensión 400, [xxviii] páginas :
Otras características físicas Ilustraciones, gráficas ;
Dimensiones 23 cm.
336 ## - TIPO DE CONTENIDO
Fuente rdacontent
Término de tipo de contenido texto
Código de tipo de contenido txt
337 ## - TIPO DE MEDIO
Fuente rdamedia
Nombre/término del tipo de medio sin mediación
Código del tipo de medio n
338 ## - TIPO DE SOPORTE
Fuente rdacarrier
Nombre/término del tipo de soporte volumen
Código del tipo de soporte nc
490 ## - MENCIÓN DE SERIE
Mención de serie Sociedad Dominicana de Bibliófilos.
490 ## - MENCIÓN DE SERIE
Mención de serie Cultura dominicana
500 ## - NOTA GENERAL
Nota general Incluye referencias bibliográficas y notas al pie de las páginas
500 ## - NOTA GENERAL
Nota general Esta reseña general, fue preparada en 1888, durante el gobierno de Ulises Heureaux por encargo del entonces Ministro de Fomento y Obras Públicas dominicano Señor Pedro Tomás Garrido, para que fuese distribuida en la exposición universal de París de 1889.
500 ## - NOTA GENERAL
Nota general Incluye apéndice : páginas [i]-xxiii
505 ## - NOTA DE CONTENIDO CON FORMATO
Nota de contenido con formato Descripción geográfica -- Organización política y social -- Fuerzas productivas
533 ## - NOTA DE REPRODUCCIÓN
Tipo de reproducción La República Dominicana : reseña general geográfico - estadística / José Ramón Abad ; cuidado Pedro Troncoso Garrido.
Lugar de la reproducción Santo Domingo
Institución responsable de la reproducción Imprenta De García Hermano
Fecha de la reproducción
Fecha y/o designación secuencial de los originales reproducidos 1888
590 ## - NOTA LOCAL (RLIN)
Nota local Inventariado, 2023 / MF
651 #4 - PUNTO DE ACCESO ADICIONAL DE MATERIA--NOMBRE GEOGRÁFICO
Nombre geográfico República Dominicana
Subdivisión general Geografía política
9 (RLIN) 54551
651 #4 - PUNTO DE ACCESO ADICIONAL DE MATERIA--NOMBRE GEOGRÁFICO
Nombre geográfico República Dominicana
Subdivisión general Historia
9 (RLIN) 170
651 #4 - PUNTO DE ACCESO ADICIONAL DE MATERIA--NOMBRE GEOGRÁFICO
Nombre geográfico República Dominicana
Subdivisión general Descripción.
-- historia
Subdivisión de forma
9 (RLIN) 77213
651 #4 - PUNTO DE ACCESO ADICIONAL DE MATERIA--NOMBRE GEOGRÁFICO
Nombre geográfico República Dominicana
Subdivisión general Vida social y costumbres.
-- Historia
9 (RLIN) 43380
700 12 - PUNTO DE ACCESO ADICIONAL--NOMBRE DE PERSONA
Nombre de persona Vega, Bernardo,
Fechas asociadas al nombre 1938 -
Término indicativo de función/relación introducción
9 (RLIN) 3222
710 2# - PUNTO DE ACCESO ADICIONAL--NOMBRE DE ENTIDAD CORPORATIVA
Nombre de entidad corporativa o nombre de jurisdicción como elemento de entrada Secretaría de Fomento y Obras Públicas (República Dominicana)
9 (RLIN) 77214
710 2# - PUNTO DE ACCESO ADICIONAL--NOMBRE DE ENTIDAD CORPORATIVA
Nombre de entidad corporativa o nombre de jurisdicción como elemento de entrada Sociedad Dominicana de Bibliófilos (República Dominicana)
9 (RLIN) 73174
942 ## - ELEMENTOS DE PUNTO DE ACCESO ADICIONAL (KOHA)
Fuente del sistema de clasificación o colocación Dewey Decimal Classification
Tipo de ítem Koha Libro
Existencias
Estado de retiro Estado de pérdida Fuente del sistema de clasificación o colocación Restricciones de uso No para préstamo Código de colección Localización permanente Ubicación/localización actual Ubicación en estantería Fecha de adquisición Fuente de adquisición Signatura topográfica completa Código de barras Fecha visto por última vez Precio válido a partir de Tipo de ítem Koha Número de copia Total de préstamos
    Dewey Decimal Classification Excluido de préstamo   Patrimonio Dominicano Biblioteca Nacional Pedro Henríquez Ureña Biblioteca Nacional Pedro Henríquez Ureña En catalogación 12.04.2019 Donado Copardom BNPHU PD 917.293 A116r, 1993 2020-0466 10.11.2020 10.11.2020 Libro    
    Dewey Decimal Classification Excluido de préstamo   Patrimonio Dominicano Biblioteca Nacional Pedro Henríquez Ureña Biblioteca Nacional Pedro Henríquez Ureña En catalogación 10.11.2020 Donado por Dr. Luciano M. P. BNPHU PD 917.293 A116r, 1993 2020-0467 10.11.2020 10.11.2020 Libro e.2  
    Dewey Decimal Classification Préstamo en sala   Dominicana de Servicio Biblioteca Nacional Pedro Henríquez Ureña Biblioteca Nacional Pedro Henríquez Ureña En catalogación 04.10.2022 Donación por INTEC BNPHU DS 917.293 A116r, 1993 2022-4185 04.10.2022 04.10.2022 Libro e.3  
    Dewey Decimal Classification Préstamo en sala   Dominicana de Servicio Biblioteca Nacional Pedro Henríquez Ureña Biblioteca Nacional Pedro Henríquez Ureña En catalogación 03.12.2014 Donado por Barbara Suncar 917.293 A116r, 1993 2023-6613 03.10.2023 03.10.2023 Libro e.4  

Con tecnología Koha